000 00837nam a22002297a 4500
999 _c2039
_d2039
003 AR-CdUCM
008 190228b ||||| |||| 00| 0 spa d
040 _aMUNICIPALIDAD PROVINCIAL DEL CUSCO
_cBIBLIOTECA MUNICIPAL DEL CUSCO
082 _a415 /
_bM79
245 _aComunicación efectiva
260 _aPerú :
_bBiblioteca nacional del Perú,
_c2007.
300 _a127 paginas ;
_c20 cm.
505 _aReconocimiento de comunicación --Desarrollando la comunicación --La comunicación y las habilidades sociales --Componentes verbales ...
650 _aComunicacion
_97390
650 _aCapacidad comunicativa
_97391
650 _aAsertiva
_97392
650 _aEmpatica
_97393
700 _aMiguel, Moreno Valenzuela
_97394
700 _aLucrecia Yolanda, Panti Hermosa
_97395
942 _2ddc
_cLIBROS
945 _arjall
_d2019-02-28